000 00525nam a2200205Ia 4500
001 14987
003 GE_BSU
008 181216s||||||||xx |||||||||||||| ||und||
040 _cGE_BSU
080 _a512.71
100 _aБурбаки,Н.
245 _aКоммуникативная алгебра
245 _cПод.ред.Е.С.Голода
260 _aМосква
260 _bМир
260 _c1971
300 _a707стр.22см.
653 _aКоммуникативная алгебра
942 _cBK
999 _c48106
_d48106